000 00535nam a2200217Ia 4500
003 OSt
005 20230419111508.0
008 210423s2012 xx 000 0 und d
020 _a9788171949359
040 _cAL
041 _aeng
082 _a657.45
_223
_bJHAA
100 _aJHA (Aruna).
_990474
245 _aTaxmanns auditing.
250 _a7
260 _aNew Delhi
_bTaxmann Publications Pvt Ltd
_c2012
300 _a1-27,280
_bPB
365 _b250
_cINR
906 _aauditing ; auditing. ; Taxmanns
942 _2ddc
_cBK
999 _c160719
_d160719